Methods of Teaching Physics (Record no. 60969)
[ view plain ]
| 000 -LEADER | |
|---|---|
| fixed length control field | 00485nam a22001937a 4500 |
| 005 - DATE & TIME | |
| control field | 20260603122313.0 |
| 008 - FIXED-LENGTH DATA ELEMENTS--GENERAL INFORMATION | |
| fixed length control field | 260603b |||||||| |||| 00| 0 eng d |
| 020 ## - ISBN | |
| International Standard Book Number | 9788171418671 |
| Price | 1000.00 |
| 040 ## - CATALOGING SOURCE | |
| Original cataloging agency | Doon University |
| 041 ## - Language | |
| Language | English |
| 082 ## - DDC NUMBER | |
| Classification number | 530 |
| Book Number | VAN |
| 100 ## - MAIN ENTRY--PERSONAL NAME | |
| Personal name | Vanaja, M. |
| 245 ## - TITLE STATEMENT | |
| Title | Methods of Teaching Physics |
| 260 ## - PUBLICATION, DISTRIBUTION, ETC. (IMPRINT) | |
| Place of publication, distribution, etc | New Delhi |
| Name of publisher, distributor, etc | Discovery |
| Date of publication, distribution, etc | 2020 |
| 300 ## - PHYSICAL DESCRIPTION | |
| Pages | 339 |
| 650 ## - Subject | |
| Subject | Physics (PM USHA |
| 700 ## - Added Entry Personal Name | |
| Added Entry Personal Name | Rao, Bhaskara |
| 942 ## - ADDED ENTRY ELEMENTS (KOHA) | |
| Koha item type | Books |
| 100 ## - MAIN ENTRY--PERSONAL NAME | |
| -- | 26993 |
| 650 ## - Subject | |
| -- | 26699 |
| 700 ## - Added Entry Personal Name | |
| -- | 26994 |
| 952 ## - LOCATION AND ITEM INFORMATION (KOHA) | |
| -- | 2026-06-03 |
| 952 ## - LOCATION AND ITEM INFORMATION (KOHA) | |
| -- | 2026-06-03 |
| 952 ## - LOCATION AND ITEM INFORMATION (KOHA) | |
| -- | 2026-06-03 |
| Withdrawn status | Lost status | Source of classification or shelving scheme | Damaged status | Not for loan | Location (home branch) | Sublocation or collection (holding branch) | Date acquired | Koha full call number | Accession No. | Koha date last seen | Koha item type | Koha issues (times borrowed) |
|---|---|---|---|---|---|---|---|---|---|---|---|---|
| Not For Loan | Doon University | Doon University | 03.06.2026 | 530 VAN | 33260 | 03.06.2026 | Reference | |||||
| Doon University | Doon University | 03.06.2026 | 530 VAN | 33261 | 03.06.2026 | Books | ||||||
| Doon University | Doon University | 03.06.2026 | 530 VAN | 33262 | 03.06.2026 | Books |